Logo BPK

Bibliografia Prac Pracowników

Politechniki Koszalińskiej

Inteligentny układ pomiaru wilgotności ciał sypkich czasu rzeczywistego / (Rekord nr 2292)

Szczegóły MARC
000 -ETYKIETA REKORDU
podpole kontrolne o stałej długości 01422nam a2200253 i 4500
001 - NUMER KONTROLNY REKORDU
podpole kontrolne BPP
003 - IDENTYFIKATOR NUMERU KONTROLNEGO REKORDU
podpole kontrolne KOSZ 005
005 - DATA OSTATNIEJ MODYFIKACJI REKORDU
podpole kontrolne 20180704124716.0
008 - POLE O STAŁEJ DŁUGOŚCI - DANE KONTROLNE
podpole kontrolne o stałej długości 140625s1995 pl f |000 0 pol
040 ## - ŹRÓDŁO KATALOGOWANIA
Instytucja, która utworzyła rekord BPK
080 ## - UNIWERSALNA KLASYFIKACJA DZIESIĘTNA - UKD
UKD 631.56
080 ## - UNIWERSALNA KLASYFIKACJA DZIESIĘTNA - UKD
UKD 633.1
084 ## - NUMER INNEJ KLASYFIKACJI
Numer klasyfikacji 430000
100 ## - NAZWA OSOBOWA
Nazwa osobowa TARNOWSKI, Wojciech.
Lata pracy 1986 - 1996.
Instytucja Wyższa Szkoła Inżynierska w Koszalinie - Wydział Mechaniczny,
Wydział Katedra Systemów Sterowania
245 ## - TYTUŁ/ODPOWIEDZIALNOŚĆ
Tytuł Inteligentny układ pomiaru wilgotności ciał sypkich czasu rzeczywistego /
Pozostałe elementy strefy tytułu i oznaczenia odpowiedzialności Wojciech Tarnowski, Dariusz Tomkiewicz.
260 ## - STREFA ADRESU WYDAWNICZEGO
Miejsce wydania Koszalin,
Data publikacji, dystrybucji/powstania dokumentu [1995].
500 ## - UWAGI OGÓLNE
Tekst uwagi Dane z autopsji.
520 ## - UWAGA DOTYCZĄCA TREŚCI DOKUMENTU
Analiza dokumentacyjna, adnotacja itp. Celem pracy było zaprojektowanie, wykonanie i sprawdzenie układu pomiarowego wilgotności w złożach ziarna, wykorzystującego dynamiczne sygnały otrzymane ze zbioru czujników umieszczonych w złożu, w powietrzu dolotowym i wylotowym oraz sztuczną sieć neuronową, dającą na wyjściu liniowy, niezakłócony pomiar zawartości wody w materiale, a także opracowanie elementów metodyki konstrukcji i uczenia sieci neuronowej przeznaczonej do takich celów.
650 #0 - HASŁO PRZEDMIOTOWE W FORMIE NAZWY OGÓLNEJ LUB JEDNOSTKOWEJ
Nazwa ogólna lub geograficzna Zboże.
650 ## - HASŁO PRZEDMIOTOWE W FORMIE NAZWY OGÓLNEJ LUB JEDNOSTKOWEJ
Nazwa ogólna lub geograficzna Suszenie konwekcyjne.
650 #0 - HASŁO PRZEDMIOTOWE W FORMIE NAZWY OGÓLNEJ LUB JEDNOSTKOWEJ
Nazwa ogólna lub geograficzna Sieci neuronowe.
700 ## - HASŁO DODATKOWE - NAZWA OSOBOWA
Nazwa osobowa TOMKIEWICZ, Dariusz.
Lata pracy 1992 - 1996.
Instytucja Wyższa Szkoła Inżynierska w Koszalinie - Wydział Mechaniczny,
Wydział Katedra Systemów Sterowania - Zakład Automatyki Przemysłowej
942 ## - HASŁO DODATKOWE - ELEMENTY(KOHA)
Typ dokumentu Materiały nieopublikowane
Schemat klasyfikacji Uniwersalna klasyfikacja dziesiętna
Egzemplarze
Wycofany Zagubiony Uszkodzony Dostępność Lokalizacja stała Lokalizacja bieżąca Sygnatura Typ dokumentu
      Dostępny Bibliografia Prac Pracowników - BPK Bibliografia Prac Pracowników - BPK NB-297 Materiały nieopublikowane
© 2014 Biblioteka Politechniki Koszalińskiej :: BIBLIOGRAFIA PRAC PRACOWNIKÓW